Piłkarze Wieczystej Kraków - nagła śmierć - Statystyki

Ogólne statystyki
  • Ten quiz został rozwiązany 37 razy
  • Średni wynik to 6 z 20
Answers on the Grid
Answers color-coded by a green-red scale on the quiz's grid according to % correct below.
Rafał Figiel
Błażej Augustyn
Marcin Cebula
Joan Román
Łukasz Burliga
Bartosz Bida
Saša Živec
Kamil Antonik
Jakub Bąk
Mateusz Cholewiak
Michał Trąbka
Maciej Gajos
Krzysztof Drzazga
Miki Villar
Tomasz Swędrowski
Karol Fila
Bartosz Bida
Kamil Drygas
Patryk Kun
Michał Feliks
Damian Gąska
Dawid Pakulski
Dawid Abramowicz
Olaf Korczakowski
Kacper Łukasiak
Carlitos
Michał Kaput
Rafael Lopes
Rafał Pietrzak
Maciej Jankowski
Karol Angielski
Denys Faworow
Dawid Szymonowicz
Michał Koj
Adrian Błąd
Jacek Góralski
Konrad Forenc
Patryk Lipski
Michał Pazdan
Sebastian Kowalczyk
 
Statystyki odpowiedzi
Odpowiedź % Poprawnych
Błażej Augustyn
61%
Jacek Góralski
57%
Carlitos
48%
Michał Pazdan
48%
Michał Trąbka
43%
Joan Román
39%
Łukasz Burliga
35%
Maciej Gajos
35%
Rafael Lopes
30%
Jakub Bąk
22%
Karol Fila
22%
Miki Villar
22%
Rafał Pietrzak
22%
Saša Živec
22%
Maciej Jankowski
17%
Michał Koj
13%
Dawid Szymonowicz
9%
Denys Faworow
4%
Michał Feliks
4%
Dawid Pakulski
0%
Nie znaleziono quizów pasujących do podanych kryteriów
Rozkład punktacji
Procent ludzi z każdym wynikiem
Percentyl według liczby udzielonych odpowiedzi
Twoja historia wyników
Nie rozwiązałeś tego quizu